00473nmm a2200169Ia 4500008004100000020001800041041000800059100003100067245001200098264004200110300001700152490001600169650004300185856005100228942000700279999001700286251105s9999||||xx |||||||||||||||||und|| a9788498165951 aspa aHostos, Eugenio María de 0aEnsayos a[Madrid, España] :bLinkgua, c2011 a69 páginas aPensamiento aHistory of the Americas: Latin America uhttps://public.digitaliapublishing.com/a/16592 cCF c91308d91308